[Event "Blagoevgrad op"]
[Site "Blagoevgrad"]
[Date "2013.09.29"]
[Round "3"]
[White "Kiryakov, Atanas"]
[Black "Momchev, Momchil"]
[Result "1/2-1/2"]
[WhiteElo "1935"]
[BlackElo "1817"]
[PlyCount "31"]
[EventDate "2013.09.28"]
[EventType "swiss"]
[EventRounds "9"]
[EventCountry "BUL"]
[SourceTitle "CBM 156 Extra"]
[Source "ChessBase"]
[SourceDate "2013.10.22"]
[SourceVersion "1"]
[SourceVersionDate "2013.10.22"]
[SourceQuality "1"]

1. d4 d6 2. c4 g6 3. Nf3 Bg7 4. Nc3 Nc6 5. g3 e5 6. d5 Nce7 7. e4 h6 8. Bg2 f5 9. 0-0 Nf6 10. Qe2 g5 11. h3 f4 12. Bd2 Ng6 13. g4 h5 14. Nxg5 hxg4 15. hxg4 Nxg4 16. Nf3 1/2-1/2